KISAH HIDUP ABU JAHAL : (Record no. 204004)

MARC details
000 -LEADER
fixed length control field 01028nam a2200289 i 4500
005 - DATE AND TIME OF LATEST TRANSACTION
control field 20260426114257.0
008 - FIXED-LENGTH DATA ELEMENTS--GENERAL INFORMATION
fixed length control field 260426t20252025my jr 000 0dmay d
020 ## - INTERNATIONAL STANDARD BOOK NUMBER
International Standard Book Number 9786297687162
Terms of availability RM12.00
Qualifying information paperback
040 ## - CATALOGING SOURCE
Original cataloging agency PPAK
Language of cataloging eng
Transcribing agency PPAK
Description conventions rda
082 04 - DEWEY DECIMAL CLASSIFICATION NUMBER
Classification number 297.18
Edition number 23
090 00 - LOCALLY ASSIGNED LC-TYPE CALL NUMBER (OCLC); LOCAL CALL NUMBER (RLIN)
Classification number (OCLC) (R) ; Classification number, CALL (RLIN) (NR) 297.18
Feature heading MKR
Feature heading K
100 0# - MAIN ENTRY--PERSONAL NAME
Personal name MK Riza,
Relator term author.
245 10 - TITLE STATEMENT
Title KISAH HIDUP ABU JAHAL :
Remainder of title MUSUH UTAMA PENENTANG NABI! /
Statement of responsibility, etc. PENULIS MK RIZA | EDITOR SEMAK USTAZ ASYRAFF HAFDZAN ; Ilustrasi Zamzani
264 #1 - PRODUCTION, PUBLICATION, DISTRIBUTION, MANUFACTURE, AND COPYRIGHT NOTICE
Place of production, publication, distribution, manufacture Bandar Baru Nilai, Negeri Sembilan :
Name of producer, publisher, distributor, manufacturer BLINK BOOK SDN BHD,
Date of production, publication, distribution, manufacture, or copyright notice 2025
Date of production, publication, distribution, manufacture, or copyright notice ©2025
300 ## - PHYSICAL DESCRIPTION
Extent v, 117 pages ;
Dimensions 19 cm
336 ## - CONTENT TYPE
Content type term text
Source rdacontent
337 ## - MEDIA TYPE
Media type term unmediated
Source rdamedia
338 ## - CARRIER TYPE
Carrier type term volume
Source rdacarrier
500 ## - GENERAL NOTE
General note Contains verses from the Qur'an.
504 ## - BIBLIOGRAPHY, ETC. NOTE
Bibliography, etc. note Bibliographical references: page 113.
650 10 - SUBJECT ADDED ENTRY--TOPICAL TERM
Topical term or geographic name entry element Islamic stories, Malay
Topical term or geographic name entry element Historical fiction, Malay
700 0# - ADDED ENTRY--PERSONAL NAME
Personal name Asyraff Hafdzan,
Titles and other words associated with a name Ustaz,
Relator term editor.
Personal name Zamzani,
Relator term illustrator.
942 ## - ADDED ENTRY ELEMENTS (KOHA)
Source of classification or shelving scheme Dewey Decimal Classification
Koha item type Book
Holdings
Withdrawn Not for loan Current library Shelving location Date acquired Total Checkouts Full call number Barcode Date last seen Koha item type
    Perpustakaan Alor Setar Pinjaman Kanak-kanak 27/04/2026   K 297.18 MKR A01913962 27/04/2026 Book
    Perpustakaan Awam Sungai Petani Pinjaman Kanak-kanak 27/04/2026   K 297.18 MKR A01913963 27/04/2026 Book
    Perpustakaan Baling Pinjaman Kanak-kanak 27/04/2026   K 297.18 MKR A01913967 27/04/2026 Book
    Perpustakaan Bandar Baharu Pinjaman Kanak-kanak 27/04/2026   K 297.18 MKR A01913968 27/04/2026 Book
    Perpustakaan Jitra Pinjaman Kanak-kanak 27/04/2026   K 297.18 MKR A01913964 27/04/2026 Book
    Perpustakaan Kuala Nerang Pinjaman Kanak-kanak 27/04/2026   K 297.18 MKR A01913972 27/04/2026 Book
    Perpustakaan Kulim Pinjaman Kanak-kanak 27/04/2026   K 297.18 MKR A01913966 27/04/2026 Book
    Perpustakaan Langkawi Pinjaman Kanak-kanak 27/04/2026   K 297.18 MKR A01913965 27/04/2026 Book
    Perpustakaan Merbok Pinjaman Kanak-kanak 27/04/2026   K 297.18 MKR A01913969 27/04/2026 Book
    Perpustakaan Pendang Pinjaman Kanak-kanak 27/04/2026   K 297.18 MKR A01913973 27/04/2026 Book
    Perpustakaan Sik Pinjaman Kanak-kanak 27/04/2026   K 297.18 MKR A01913971 27/04/2026 Book
    Perpustakaan Yan Pinjaman Kanak-kanak 27/04/2026   K 297.18 MKR A01913970 27/04/2026 Book